02062naa a2200181 a 450000100080000000500110000800800410001902200140006010000140007424501090008826000090019752013650020665300180157165300150158965300150160470000180161977302430163710779392013-04-16 2010 bl uuuu u00u1 u #d a0100-06831 aKURTZ, C. aRendimento de Cebola e Conserva????o P??s-colheita em Fun????o da Dose e do Parcelamento de Nitrog??nio. c2010 aO rendimento e a sanidade da cultura da cebola (Allium cepa L.) s??o influenciados pela nutri????o das plantas, principalmente pelo nitrog??nio, que al??m de ser requerido em grandes quantidades, ?? facilmente lixiviado do solo. O presente trabalho objetivou avaliar o efeito de doses e do parcelamento do N no rendimento de bulbos e na conserva????o p??s-colheita. Com este prop??sito foi conduzido dois experimentos de campo, nas safras 2008/2009 e 2009/2010, num Cambissolo H??plico, em Ituporanga, SC. Os tratamentos consistiram de uma combina????o fatorial (4x3) envolvendo quatro doses (0, 50, 100 e 200 kg N ha-1) e tr??s parcelamentos (25% de cada dose no plantio e o restante em uma, duas ou tr??s aplica????es). Estas aplica????es foram realizadas, respectivamente, aos 45, aos 45 e 75, e aos 30, 60 e 90 dias ap??s o transplante. O transplante das mudas da cultivar Bola Precoce foi realizado na segunda quinzena de julho e a colheita foi efetuada 115 dias ap??s. O rendimento de cebola aumentou de forma quadr??tica com a adi????o de N at?? a dose de 123,7 e 153,4 kg ha-1, respectivamente nas safras 2008/09 e 2009/10. O incremento nas doses de N aumentou de forma quadr??tica as perdas p??s-colheita na safra 2008/09. O parcelamento da aduba????o nitrogenada em uma, duas ou tr??s vezes em cobertura n??o afetou nenhuma das vari??veis analisadas. aAllium cepa L aNutri????o aRendimento1 aERNANI, P. R. tIn: FERTBIO 2010 - REUNI??O BRASILEIRA DE FERTILIDADE DO SOLO E NUTRI????O DE PLANTAS, 29., 2010, Guarapari, ES. Fontes de nutrientes e produ????o agr??cola: modelando o futuro. Vi??osa, MG: Sociedade Brasileira de Ci??ncia do Solo, 2010.